| 000 | 00869nam a22002297a 4500 | ||
|---|---|---|---|
| 005 | 20180202160833.0 | ||
| 010 | _aENG-122145 | ||
| 020 |
_a9789352535316 _c925.00 |
||
| 035 | _aB-685863-890 | ||
| 035 | _aEN-105677 | ||
| 037 |
_bAsian _adpl |
||
| 037 | _bDBAD/PUB | ||
| 082 | _a000 | ||
| 100 | _aAggarwal, R.S. | ||
| 245 |
_aA modern approach to verbal & non-verbal reasoning : _cby R.S. Aggarwal _b(fully solved & thoroughly revised with explanatory notes on Logical deduction) / |
||
| 250 | _arev. ed | ||
| 260 |
_aNew Delhi _bS.Chand _c2017 |
||
| 270 |
_a7361, Ram Nagar, _bNew Delhi _e110055 |
||
| 300 | v |
_avarious pagings _c24cm(pbk) |
|
| 942 |
_2ddc _cEN _mAGG _h000 |
||
| 999 |
_c145534 _d145534 |
||